Úlohy technickej normalizácie v intenzifikácii priemyslu Zborník prednášok. Poprad 20.-24.6.1988

Uložené v:
Podrobná bibliografia
Médium: Kniha
Jazyk:Slovak
Vydavateľské údaje: Žilina Dom techn. ČSVTS 1988
Vydanie:1. vyd.
Tagy: Pridať tag
Žiadne tagy, Buďte prvý, kto otaguje tento záznam!

MARC

LEADER 00000nam a2200000 4500
001 c034203
005 20221219092516.4
041 0 |a slo 
044 |a SK 
245 1 0 |a Úlohy technickej normalizácie v intenzifikácii priemyslu  |b Zborník prednášok. Poprad 20.-24.6.1988 
250 |a 1. vyd. 
264 1 |a Žilina  |b Dom techn. ČSVTS  |c 1988 
300 |a 206 s.